[Event "Barcelona Electrica de Baleares"]
[Site "Barcelona"]
[Date "2018.10.20"]
[Round "4"]
[White "Marches Rios, Joan Manuel"]
[Black "Torao Compte, Victor Pastor"]
[Result "0-1"]
[WhiteElo "2060"]
[BlackElo "1954"]
[PlyCount "66"]
[EventDate "2018.09.22"]
[EventType "tourn"]
[EventRounds "9"]
[EventCountry "ESP"]
[SourceTitle "CBM 187 Extra"]
[Source "ChessBase"]
[SourceDate "2018.11.04"]
[SourceVersion "1"]
[SourceVersionDate "2018.11.04"]
[SourceQuality "1"]

1. e4 d5 2. exd5 Qxd5 3. Nc3 Qd8 4. d4 c6 5. Nf3 Bf5 6. Bc4 e6 7. Qe2 Be7 8. Bf4 Nd7 9. 0-0-0 Nb6 10. Bb3 a5 11. a4 Nf6 12. Ne5 Nfd5 13. Bd2 Nxc3 14. Bxc3 Nd5 15. Bd2 Bg5 16. g4 Bg6 17. h4 Bxh4 18. Bxd5 cxd5 19. Qb5+ Kf8 20. Qxb7 Bf6 21. Nxg6+ fxg6 22. Bf4 Bg5 23. Bxg5 Qxg5+ 24. Kb1 Re8 25. Rd3 Qe7 26. Qb6 Qd8 27. Qc5+ Kg8 28. Rb3 h5 29. Rb7 hxg4 30. Re1 Rh2 31. Qa7 Qf6 32. Rb8 Rf8 33. Rxe6 Rh1+ 0-1

[Event "Barcelona Electrica de Baleares"]
[Site "Barcelona"]
[Date "2018.09.29"]
[Round "2"]
[White "Romero Castejon, Daniel"]
[Black "Torao Compte, Victor Pastor"]
[Result "1-0"]
[WhiteElo "2153"]
[BlackElo "1954"]
[PlyCount "95"]
[EventDate "2018.09.22"]
[EventType "tourn"]
[EventRounds "9"]
[EventCountry "ESP"]
[SourceTitle "CBM 187 Extra"]
[Source "ChessBase"]
[SourceDate "2018.11.04"]
[SourceVersion "1"]
[SourceVersionDate "2018.11.04"]
[SourceQuality "1"]

1. e4 d5 2. exd5 Qxd5 3. Nc3 Qd8 4. Nf3 c6 5. d4 Bf5 6. Bc4 e6 7. Be3 Nd7 8. Qe2 Be7 9. h3 Ngf6 10. Bb3 a5 11. a3 a4 12. Ba2 Nb6 13. Ne5 Nfd5 14. Nxd5 Nxd5 15. 0-0 Nxe3 16. Qxe3 Bxc2 17. Nxf7 Kxf7 18. Qxe6+ Ke8 19. Qf7+ Kd7 20. d5 Qf8 21. Qe6+ Kc7 22. Rac1 Qf6 23. Qxf6 Bxf6 24. Rxc2 Kb6 25. d6 Rad8 26. Rd1 Rhe8 27. Bf7 Re5 28. d7 Kc7 29. Be8 Rb5 30. Rdd2 Re5 31. g4 Be7 32. f4 Rc5 33. Kg2 b5 34. Rxc5 Bxc5 35. Kf3 Bd6 36. g5 c5 37. h4 b4 38. axb4 cxb4 39. Rc2+ Kb7 40. h5 a3 41. bxa3 bxa3 42. Ke4 Kb6 43. f5 Be7 44. f6 gxf6 45. g6 hxg6 46. hxg6 Bf8 47. Kf5 Bg7 48. Ke6 1-0

[Event "Barcelona Sant Marti op 05th"]
[Site "Barcelona"]
[Date "2003.06.07"]
[Round "7.26"]
[White "Zapata, Esau"]
[Black "Torao Compte, Victor Pastor"]
[Result "0-1"]
[WhiteElo "1700"]
[BlackElo "1900"]
[PlyCount "74"]
[EventDate "2003.04.26"]
[EventType "swiss"]
[EventRounds "9"]
[EventCountry "ESP"]
[SourceTitle "EXT 2004"]
[Source "ChessBase"]
[SourceDate "2003.11.25"]
[SourceVersion "1"]
[SourceVersionDate "2003.11.25"]
[SourceQuality "1"]

1. e4 d5 2. exd5 Nf6 3. Nc3 Bg4 4. Be2 Bf5 5. Nf3 Nxd5 6. Nxd5 Qxd5 7. 0-0 Nc6 8. c3 e5 9. d4 e4 10. Nh4 Bg6 11. f3 Bd6 12. fxe4 Qxe4 13. Nxg6 hxg6 14. h3 0-0-0 15. Bf3 Qh4 16. Qe1 Bg3 17. Qe4 Qxe4 18. Bxe4 Na5 19. Bf4 Bxf4 20. Rxf4 f5 21. Bd3 Rhe8 22. Kf1 Re3 23. Rf3 Rxf3+ 24. gxf3 c5 25. b4 cxb4 26. cxb4 Rxd4 27. Rc1+ Nc6 28. b5 Rxd3 29. bxc6 Rxf3+ 30. Kg2 Ra3 31. cxb7+ Kxb7 32. Rc2 g5 33. Re2 g6 34. Kf1 Ra6 35. Re7+ Kc6 36. Re6+ Kb5 37. Re5+ Kc4 0-1

[Event "Barcelona Sant Marti op 05th"]
[Site "Barcelona"]
[Date "2003.05.24"]
[Round "5.27"]
[White "Sansaloni, Pedro"]
[Black "Torao Compte, Victor Pastor"]
[Result "0-1"]
[WhiteElo "1700"]
[BlackElo "1900"]
[PlyCount "74"]
[EventDate "2003.04.26"]
[EventType "swiss"]
[EventRounds "9"]
[EventCountry "ESP"]
[SourceTitle "EXT 2004"]
[Source "ChessBase"]
[SourceDate "2003.11.25"]
[SourceVersion "1"]
[SourceVersionDate "2003.11.25"]
[SourceQuality "1"]

1. d4 d6 2. c4 g6 3. Nf3 Bg7 4. Nc3 Nd7 5. e3 c5 6. Ng5 h6 7. Nf3 Ngf6 8. Bd3 a6 9. Qc2 cxd4 10. exd4 0-0 11. h4 e5 12. Bxg6 fxg6 13. Qxg6 Qe8 14. h5 exd4+ 15. Ne2 Qxg6 16. hxg6 d3 17. Nc3 Re8+ 18. Kd2 Nc5 19. Re1 Bg4 20. b4 Nfe4+ 21. Rxe4 Nxe4+ 22. Kxd3 Nxc3 23. Nd4 Bxd4 24. Kxd4 Ne2+ 25. Kd5 Nxc1 26. Rxc1 Rad8 27. f4 Kg7 28. b5 axb5 29. f5 Bxf5 30. cxb5 Re2 31. Rc7+ Kxg6 32. Rxb7 Be4+ 33. Kc4 Bxb7 34. a4 Rd2 35. a5 Rc8+ 36. Kb3 Bd5+ 37. Kb4 Rb2+ 0-1

[Event "Barcelona Sant Marti op 05th"]
[Site "Barcelona"]
[Date "2003.05.17"]
[Round "4.17"]
[White "Torao Compte, Victor Pastor"]
[Black "Zapata Rios, Pedro"]
[Result "0-1"]
[WhiteElo "1900"]
[BlackElo "1985"]
[PlyCount "30"]
[EventDate "2003.04.26"]
[EventType "swiss"]
[EventRounds "9"]
[EventCountry "ESP"]
[SourceTitle "EXT 2004"]
[Source "ChessBase"]
[SourceDate "2003.11.25"]
[SourceVersion "1"]
[SourceVersionDate "2003.11.25"]
[SourceQuality "1"]

1. e4 e5 2. Nf3 Nc6 3. d4 exd4 4. Bc4 Nf6 5. e5 d5 6. exf6 dxc4 7. Qe2+ Be6 8. Ne5 Qd5 9. f4 Nxe5 10. fxe5 d3 11. cxd3 cxd3 12. Qe3 Bc5 13. fxg7 Rg8 14. Qg5 Qe4+ 15. Kd2 Bb4+ 0-1